| 000 | 00500nam a2200181Ia 4500 | ||
|---|---|---|---|
| 003 | IN-BaIIA | ||
| 008 | 211028s9999 xx 000 0 eng d | ||
| 020 | _a9971-51-281-5 | ||
| 040 | _cIIA Library | ||
| 080 |
_a530.145 _bMER |
||
| 100 |
_aMerzbacher, E _924101 |
||
| 245 | 0 |
_aQuantum mechanics _cE. Merzbacher |
|
| 250 | _a3rd ed. | ||
| 260 |
_aNew York _bJohn Wiley & Sons _c1998 |
||
| 300 | _axvi, 656p. | ||
| 650 | _aquantum theory | ||
| 942 | _cBK | ||
| 999 |
_c13720 _d13720 |
||